| 000 | 00520nam a22001577a 4500 | ||
|---|---|---|---|
| 003 | NUST | ||
| 082 | _a200 | ||
| 100 |
_aSaghir, Amna _9109152 |
||
| 245 |
_aImproving Deep Learning Classification of Imbalanced Medical Dataset using GANs/ _cAmna Saghir, |
||
| 264 |
_aIslamabad : _bSEECS, NUST, _c2023. |
||
| 300 |
_a80 p. ; _c30 cm. |
||
| 650 |
_aMS-Electrical Engineering _923567 |
||
| 700 |
_aSupervisor: Dr. Shahzad Younis _996795 |
||
| 856 | _uhttp://10.250.8.41:8080/xmlui/handle/123456789/32383 | ||
| 942 |
_2ddc _cSC |
||
| 999 |
_c593330 _d593330 |
||